| Tag |
First Indicator |
Second Indicator |
Subfields |
| LEADER |
00000cam a2200000 i 4500 |
| 001 |
in00000487500 |
| 005 |
20151013054001.0 |
| 008 |
760625s1935 enkcf 00010 engm |
| 010 |
|
|
|a 35004233
|
| 035 |
|
|
|a (OCoLC)02280980
|
| 035 |
|
|
|9 ACC1092AM
|
| 040 |
|
|
|a DLC
|c TXA
|d TXA
|d UtOrBLW
|
| 041 |
1 |
|
|a eng
|a fre
|
| 049 |
|
|
|a TXAM
|c [1531555]
|
| 050 |
0 |
0 |
|a DS710
|b .D37
|
| 082 |
0 |
|
|a 915.1
|
| 100 |
1 |
|
|a Dekobra, Maurice,
|d 1885-1973.
|
| 245 |
1 |
0 |
|a Confucius in a tail-coat ;
|b ancient China in modern costume /
|c by Maurice Dekobra; translated from "Confucius en pull-over" by Metcalfe Wood.
|
| 264 |
|
1 |
|a London :
|b T. W. Laurie,
|c [1935]
|
| 300 |
|
|
|a 217 pages :
|b frontispiece, plates, portraits ;
|c 23 cm.
|
| 336 |
|
|
|a text
|b txt
|2 rdacontent
|
| 337 |
|
|
|a unmediated
|b n
|2 rdamedia
|
| 338 |
|
|
|a volume
|b nc
|2 rdacarrier
|
| 651 |
|
0 |
|a China.
|
| 700 |
1 |
|
|a Wood, Metcalfe.
|
| 999 |
|
|
|a MARS
|
| 999 |
f |
f |
|s 6a9abac1-afda-3c2c-9e7c-b4a80da490d3
|i 5d98bb41-3d48-3d0f-8189-00fd7fbf52fb
|t 0
|
| 952 |
f |
f |
|p ric
|a Texas A&M University
|b Rellis Campus
|c Joint Library Facility
|d Remote Storage
|t 0
|e DS710 .D37
|h Library of Congress classification
|i unmediated -- volume
|m A14802065477
|
| 998 |
f |
f |
|a DS710 .D37
|t 0
|l Remote Storage
|